Statistics for Stairway to Heaven Lyrics

Click here to take the quiz!

General Stats

  • This quiz has been taken 20 times
  • The average score is 24 of 42

Answer Stats

Lyrics% Correct
There's a lady who's sure all that glitters is {gold}
100%
And she's buying the {stairway} {to} {heaven}
100%
Ooh, ooh, and she's buying the {stairway} {to} {heaven}
100%
'Cause you know sometimes {words} {have} two meanings
89%
When she gets there {she} {knows}
84%
With a word {she} {can} {get} what she came for
84%
Ooh, it {makes} {me} {wonder}
74%
And it {makes} {me} {wonder}
74%
Ooh, it {makes} {me} {wonder}
74%
If the {stores} are all closed
74%
Ooh, really {makes} {me} {wonder}
74%
There's a {feeling} {I} {get} when I look to the west
68%
Dear lady, can you {hear} {the} {wind} blow, and did you know
63%
There's a sign on the wall but she {wants} {to} {be} {sure}
63%
Your stairway lies on the {whispering} {wind}
58%
And the forests will {echo} {with} {laughter}
58%
And as we wind on {down} {the} {road}
58%
And a new {day} {will} {dawn} for those who stand long
58%
There's a {songbird} {who} {sings}
58%
To be a rock and not to {roll}
53%
It's just a spring clean for the {May} {queen}
53%
And if {you} {listen} very hard
53%
And my spirit is crying for {leaving}
53%
In a {tree} by the brook
53%
And the voices of those who {stand} looking
47%
When all are {one} {and} {one} is all
47%
There's still time to {change} {the} {road} you're on
47%
The tune {will} {come} {to} you at last
42%
Sometimes all of our thoughts are {misgiven}
42%
In my thoughts I have seen {rings} {of} {smoke} through the trees
42%
Your head is humming and it {won't} {go}, in case you don't know
37%
Yes, there are two paths you can {go} {by}, but in the long run
37%
And it's whispered that soon if we all {call} {the} {tune}
37%
Then the {piper} {will} {lead} us to reason
32%
The {piper's} {calling} you to join him
32%
Our shadows taller than {our} {soul}
32%
If there's a {bustle} in your hedgerow, don't be alarmed now
32%
There {walks} {a} {lady}
26%
Who shines {white} {light} and wants to show
21%
{How} {everything} still turns to gold
21%

Score Distribution

Percentile by Number Answered

Percent of People with Each Score

Your Score History

You have not taken this quiz